000 00484nam a2200181Ia 4500
001 11551
005 20260306162836.0
008 260306t2003||||xx |||||||||||||| ||spa||
041 _aESP
082 _a985.075
_bS25
100 _aSantiváñez Vivanco, Martín
_eAUT
245 0 _aEl concepto de peruanidad en Víctor Andrés Belaunde ante el nuevo milenio
260 _c2003
300 _a193 páginas :
_c28 cm.
650 _aGEN
654 _aCHU
942 _cLIB
_dJUS
_fJUS
_2ddc
_n
999 _c11551
_d11551